Az omnibusz vállalat

Omnibusová firma úspešne funguje v Michalovciach. Pochvaľujú si jeho služby najmä cestujúci vlakom.

Podrobná bibliografia
Médium: Článok
Jazyk:Hungarian
Témy:
Zdroj: 1. Felsö-Zemplén 1. Roč. 9, č. 35 (08.09.1904) s. 2
LEADER 00783nab#a2200301#ar4500
001 000076476
003 SVKKK
005 20050809xxxxxxx.
008 06 c xo huno
FMT
038 |a SVKKK 
040 |a SVKKK  |b slo  |e AACR2 
041 0 |a hun 
044 |a xo  |c SK 
080 |a 656.13 
242 1 0 |a Omnibusová firma 
245 0 0 |a Az omnibusz vállalat 
500 |a Ex/Ro-75 
520 2 |a Omnibusová firma úspešne funguje v Michalovciach. Pochvaľujú si jeho služby najmä cestujúci vlakom. 
650 0 4 |a doprava - Michalovce - rok 1904 - správy 
773 0 |t Felsö-Zemplén  |g Roč. 9, č. 35 (08.09.1904) s. 2 
957 |a Michalovce 
958 |a DG 
958 |a SK 
974 |a zuz  |d 20050809 
992 |a RBX 
BAS
998 |a RETRO